| 000 | 00396nam a22001457a 4500 | ||
|---|---|---|---|
| 020 | _a978-9987-9539-3-6 | ||
| 082 | _a001.42 | ||
| 100 | _aMlowe, L. K. | ||
| 245 | _aResearch Methodology and Consultancy Techniques | ||
| 260 |
_aDar es Salaam: _bNBAA, _c2012 |
||
| 300 | _axv, 268p.: ill., 24 cm | ||
| 500 | _aIncludes Bibliographical References | ||
| 700 | _aDiyamett, M. L. | ||
| 942 | _cBK | ||
| 999 |
_c22113 _d22113 |
||